Atomic radiation and polymer science (Record no. 54588)

MARC details
000 -LEADER
fixed length control field 00328nam a2200133Ia 4500
100 ## - MAIN ENTRY--AUTHOR NAME
Personal name Charlesby A
245 #0 - TITLE STATEMENT
Title Atomic radiation and polymer science
260 ## - PUBLICATION, DISTRIBUTION, ETC. (IMPRINT)
Name of publisher IRI Transactions
Year of publication 1958
300 ## - PHYSICAL DESCRIPTION
Number of Pages 175-199
650 ## - SUBJECT ADDED ENTRY--TOPICAL TERM
Topical Term Atomic radiation
650 ## - SUBJECT ADDED ENTRY--TOPICAL TERM
Topical Term Polymer
942 ## - ADDED ENTRY ELEMENTS (KOHA)
Koha item type Journals
Holdings
Withdrawn status Lost status Damaged status Not for loan Home library Current library Shelving location Date acquired Serial Enumeration / chronology Koha item type
      Journals RRII Library RRII Library Rubber chemistry 17/12/2021 Volume 34, Issue 4 Journals